00590nam a2200169 a 4500008004100000020001800041050002000059100002100079245011300100260004200213300001900255490002200274650002000296650002800316650005300344700002300397130909s2007 ||||||||||||||||| || u a9780761943693 aPN 4192.S78 CHI aChivers, Barbara10aA student's guide to presentations: making your presentation countcby Barbara Chivers and Michael Shoolbred aLos Angeles:bSAGE Publicationsc2007 ax, 166p.: ill. aSAGE Study Skills aPUBLIC SPEAKING 0aDISSERTATIONS, ACADEMIC aORAL COMMUNICATIONS--STUDY AND TEACHING (HIGHER) aShoolbred, Michael